000 00301nam a2200121Ia 4500
008 191201s2005 xx 000 0 und d
100 _aVASWANI, J P
245 4 _aThe Magic of Forgiveness
260 _aN.Delhi
_bSterling Publishers
_c2005
300 _a169
650 _aGeneral Books
942 _2ddc
_cBK
999 _c2117
_d2117